|
|
|
|
| LEADER |
01876nam a22004097a 4500 |
| 001 |
AALebookSpringerNature000001 |
| 003 |
BD-DhAAL |
| 005 |
20220130125920.0 |
| 006 |
m||||||||d|||||||| |
| 007 |
cr|||||||||||| |
| 008 |
220116t2022 gw afo j 001 0 eng deng d |
| 999 |
|
|
|c 43439
|d 43439
|
| 020 |
|
|
|a 9783030767570
|
| 040 |
|
|
|a BD-DhAAL
|
| 082 |
|
|
|a 418.0071
|2 23
|
| 245 |
|
|
|a Interculturality and the English language classroom /
|c edited by Mabel Victoria, Chittima Sangiamchit.
|
| 250 |
|
|
|a First edition
|
| 260 |
|
|
|a Heidelberg, Germany :
|b Springer Nature,
|c c2022
|
| 300 |
|
|
|a 1 online resource (XXV, 299 pages) :
|b 15 illustrations, 3 illustrations in color.
|
| 490 |
|
|
|a Springer eBooks. Social Sciences Collection
|
| 500 |
|
|
|a <strong>Off-Campus Access:</strong> User ID and Password Required
|
| 500 |
|
|
|a <strong>On-Campus Access:</strong> User ID or Password Required
|
| 500 |
|
|
|a Access type: Perpetual access
|
| 526 |
|
|
|a ENH
|x M. Mahmudul Haque
Assistant Professor
|
| 538 |
|
|
|a Mode of access: Internet
|
| 541 |
|
|
|a Springer
|h USD 119.00
|
| 650 |
|
|
|a English language
|x Study and teaching
|x Foreign speakers.
|9 45029
|
| 650 |
|
|
|a Intercultural communication.
|9 45030
|
| 650 |
|
|
|a English language.
|9 45031
|
| 655 |
|
|
|a Electronic books.
|9 45032
|
| 700 |
|
|
|a Vistoria, Mabel.
|9 45033
|
| 700 |
|
|
|a Sangiamchit, Chittima.
|9 45034
|
| 830 |
|
|
|a Springer eBooks. Social Sciences Collection
|9 45035
|
| 852 |
|
|
|a Ayesha Abed Library
|
| 856 |
|
|
|z Full text available
|u http://library.bracu.ac.bd/ebooks/Interculturality-and-the-EL-Classroom.pdf
|
| 942 |
|
|
|2 ddc
|c EBK
|
| 952 |
|
|
|0 0
|1 0
|2 ddc
|4 0
|6 418_007100000000000_INT
|7 0
|9 69705
|a BRACUL
|b BRACUL
|d 2022-01-16
|g 10097.85
|l 0
|o 418.0071 INT
|r 2022-01-16
|t 1
|w 2022-01-16
|y EBK
|x As discussed with Acquisition team, according to invoice date (11.01.2022) of the ebook, converted USD $119.00 to BDT 10097.85
|